[Event "Klatovy op-B 29th"]
[Site "Klatovy"]
[Date "2023.07.08"]
[Round "8"]
[White "Fadrny, Jachym"]
[Black "Pechanek, Krystof Jan"]
[Result "1-0"]
[WhiteElo "1241"]
[BlackElo "1519"]
[PlyCount "21"]
[EventDate "2023.07.01"]
[EventType "swiss"]
[EventRounds "9"]
[EventCountry "CZE"]
[SourceTitle "CBM 215 Extra"]
[Source "ChessBase"]
[SourceDate "2023.09.30"]
[SourceVersion "1"]
[SourceVersionDate "2023.09.30"]
[SourceQuality "1"]

1. e4 d6 2. Nf3 Nf6 3. Nc3 c6 4. d4 Qa5 5. Bd2 e5 6. dxe5 dxe5 7. Bc4 Qc7 8. Ng5 Be6 9. Bxe6 fxe6 10. Nxe6 Qb6 11. Na4 1-0

[Event "Klatovy op-B 29th"]
[Site "Klatovy"]
[Date "2023.07.07"]
[Round "7"]
[White "Pechanek, Krystof Jan"]
[Black "Rudlof, Jan1111"]
[Result "1/2-1/2"]
[WhiteElo "1519"]
[BlackElo "1257"]
[PlyCount "39"]
[EventDate "2023.07.01"]
[EventType "swiss"]
[EventRounds "9"]
[EventCountry "CZE"]
[SourceTitle "CBM 215 Extra"]
[Source "ChessBase"]
[SourceDate "2023.09.30"]
[SourceVersion "1"]
[SourceVersionDate "2023.09.30"]
[SourceQuality "1"]

1. Nf3 Nf6 2. c4 c5 3. Nc3 d5 4. cxd5 Nxd5 5. d4 Nxc3 6. bxc3 e6 7. Bf4 cxd4 8. cxd4 Bb4+ 9. Bd2 Qa5 10. Bxb4 Qxb4+ 11. Qd2 Qxd2+ 12. Nxd2 0-0 13. e3 a6 14. Bd3 Bd7 15. 0-0 b5 16. Nb3 Bc6 17. Rfc1 Ra7 18. Rc5 Bd5 19. Rac1 Rd7 20. Rc8 1/2-1/2